[Event "Innsbruck op-A 1st"]
[Site "Innsbruck"]
[Date "2017.08.26"]
[Round "2"]
[White "Beshukova, Alina"]
[Black "Erhard, Jakob"]
[Result "0-1"]
[WhiteElo "1936"]
[BlackElo "2109"]
[PlyCount "46"]
[EventDate "2017.08.25"]
[EventType "swiss"]
[EventRounds "9"]
[EventCountry "AUT"]
[SourceTitle "CBM 180 Extra"]
[Source "ChessBase"]
[SourceDate "2017.10.06"]
[SourceVersion "1"]
[SourceVersionDate "2017.10.06"]
[SourceQuality "1"]

1. Nf3 c5 2. c4 g6 3. d4 cxd4 4. Nxd4 Bg7 5. e4 d6 6. Nc3 Nf6 7. Be2 a6 8. 0-0 0-0 9. Be3 b6 10. f4 Bb7 11. Bf3 Nbd7 12. Nb3 Rc8 13. Nd2 Qc7 14. Rc1 e6 15. Qe2 Rfe8 16. b4 Qb8 17. Qf2 e5 18. Bxb6 exf4 19. Ba7 Qa8 20. Nd5 Ne5 21. Nxf4 Nfg4 22. Qb6 Rc6 23. Qd4 Nxf3+ 0-1

[Event "Budapest FS05 FM-A"]
[Site "Budapest"]
[Date "2010.05.03"]
[Round "3"]
[White "Zilahi, Gabor"]
[Black "Erhard, Jakob"]
[Result "0-1"]
[WhiteElo "1959"]
[BlackElo "2092"]
[PlyCount "98"]
[EventDate "2010.05.01"]
[EventType "tourn"]
[EventRounds "11"]
[EventCountry "HUN"]
[SourceTitle "CBM 136 Extra"]
[Source "ChessBase"]
[SourceDate "2010.07.02"]
[SourceVersion "2"]
[SourceVersionDate "2010.07.15"]
[SourceQuality "1"]

1. d4 Nf6 2. Bg5 e6 3. e4 h6 4. Bxf6 Qxf6 5. Nc3 Bb4 6. Qd2 d6 7. 0-0-0 0-0 8. f4 Bxc3 9. bxc3 d5 10. e5 Qe7 11. c4 Qa3+ 12. Kb1 dxc4 13. Bxc4 b5 14. Be2 Na6 15. h4 Nb4 16. c3 Nd5 17. Rh3 Rb8 18. Rc1 b4 19. cxb4 Qxb4+ 20. Qxb4 Rxb4+ 21. Rb3 Rxd4 22. g3 Bd7 23. Nf3 Re4 24. Bc4 Ba4 25. Nd2 Bxb3 26. Nxe4 Bxc4 27. Rxc4 Rb8+ 28. Kc1 Kf8 29. Nc3 Nxc3 30. Rxc3 Rb7 31. Ra3 h5 32. Kc2 Ke7 33. Kd3 Kd7 34. Kc4 c6 35. Ra5 Kc7 36. Ra6 g6 37. Kc5 Rb5+ 38. Kc4 Kb7 39. Ra3 Kb6 40. Rd3 Rc5+ 41. Kb3 Rd5 42. Re3 c5 43. Kb2 c4 44. Ra3 a5 45. Rf3 Kb5 46. Kc3 Rd1 47. Kc2 Rg1 48. Kc3 Rg2 49. a3 Kc5 0-1

[Event "Budapest FS05 FM-A"]
[Site "Budapest"]
[Date "2010.05.01"]
[Round "1"]
[White "Kapferer, Romed"]
[Black "Erhard, Jakob"]
[Result "1/2-1/2"]
[WhiteElo "2085"]
[BlackElo "2092"]
[PlyCount "60"]
[EventDate "2010.05.01"]
[EventType "tourn"]
[EventRounds "11"]
[EventCountry "HUN"]
[SourceTitle "CBM 136 Extra"]
[Source "ChessBase"]
[SourceDate "2010.07.02"]
[SourceVersion "2"]
[SourceVersionDate "2010.07.15"]
[SourceQuality "1"]

1. e4 e6 2. d4 d5 3. Nc3 Nf6 4. e5 Nfd7 5. f4 c5 6. Nf3 Nc6 7. Be3 a6 8. Qd2 b5 9. dxc5 Bxc5 10. Bxc5 Nxc5 11. Qf2 Qb6 12. Bd3 b4 13. Ne2 a5 14. 0-0 Ba6 15. Kh1 Bxd3 16. cxd3 Qb5 17. f5 Nxd3 18. Qh4 Ndxe5 19. Nxe5 Nxe5 20. Nd4 Qb8 21. fxe6 0-0 22. e7 Re8 23. Rae1 Ra6 24. Nf5 Re6 25. Qd4 Qb5 26. Qf2 Qb8 27. Nxg7 Kxg7 28. Rxe5 Qxe5 29. Qxf7+ Kh6 30. Qf8+ Qg7 1/2-1/2

[Event "Seefeld op 12th"]
[Site "Seefeld"]
[Date "2001.09.16"]
[Round "2"]
[White "Ballon, Guenther Jan"]
[Black "Erhard, Jakob"]
[Result "1/2-1/2"]
[WhiteElo "2233"]
[BlackElo "2104"]
[PlyCount "39"]
[EventDate "2001.09.15"]
[EventType "swiss"]
[EventRounds "9"]
[EventCountry "AUT"]
[SourceTitle "EXT 2002"]
[Source "ChessBase"]
[SourceDate "2001.11.25"]
[SourceVersion "1"]
[SourceVersionDate "2001.11.25"]
[SourceQuality "1"]

1. d4 d5 2. c4 dxc4 3. e3 Nf6 4. Bxc4 c5 5. Nf3 e6 6. 0-0 a6 7. a4 Nc6 8. dxc5 Qxd1 9. Rxd1 Bxc5 10. b3 b6 11. Ba3 Bxa3 12. Nxa3 Ke7 13. Rac1 Bb7 14. Nd4 Nxd4 15. Rxd4 Rhd8 16. Rcd1 Rxd4 17. Rxd4 Rd8 18. Rxd8 Kxd8 19. f3 Bd5 20. Kf2 1/2-1/2

[Event "Wattens op 14th"]
[Site "Wattens"]
[Date "1999.??.??"]
[Round "3"]
[White "Erhard, Jakob"]
[Black "Link, Ulrich"]
[Result "1-0"]
[WhiteElo "1905"]
[BlackElo "2205"]
[PlyCount "53"]
[EventDate "1999.??.??"]
[EventType "swiss"]
[EventRounds "9"]
[EventCountry "AUT"]
[SourceTitle "EXT 2001"]
[Source "ChessBase"]
[SourceDate "2000.11.22"]
[SourceVersion "1"]
[SourceVersionDate "2000.11.22"]
[SourceQuality "1"]

1. Nf3 d5 2. c4 d4 3. d3 Nc6 4. g3 e5 5. Bg2 Nf6 6. 0-0 Be7 7. b4 Nxb4 8. Nxe5 0-0 9. f4 c5 10. a3 Na6 11. e4 dxe3 12. Bxe3 Qc7 13. Nc3 Rd8 14. g4 Be6 15. g5 Nd7 16. Ng4 Nb6 17. f5 Bxc4 18. f6 Rxd3 19. Qc2 Qd7 20. Bh3 Be6 21. Ne5 Rxc3 22. Qxc3 Qd6 23. Bxe6 Qxe6 24. fxe7 Na4 25. Qc4 Qxe7 26. Rxf7 Qxe5 27. Re7+ 1-0

[Event "Wattens op 14th"]
[Site "Wattens"]
[Date "1999.??.??"]
[Round "6"]
[White "Krause, Christian"]
[Black "Erhard, Jakob"]
[Result "1/2-1/2"]
[WhiteElo "2195"]
[BlackElo "1905"]
[PlyCount "77"]
[EventDate "1999.??.??"]
[EventType "swiss"]
[EventRounds "9"]
[EventCountry "AUT"]
[SourceTitle "EXT 2001"]
[Source "ChessBase"]
[SourceDate "2000.11.22"]
[SourceVersion "1"]
[SourceVersionDate "2000.11.22"]
[SourceQuality "1"]

1. c4 Nf6 2. Nc3 c5 3. e4 d6 4. g3 Nc6 5. Bg2 g6 6. Nge2 Bg7 7. d3 h5 8. h4 Bg4 9. f3 Bd7 10. 0-0 0-0 11. Be3 Ne5 12. Qd2 Kh7 13. Rad1 a6 14. b3 b5 15. Nd5 Rc8 16. Nef4 Ne8 17. Nh3 e6 18. Ndf4 Nc6 19. Ne2 Nd4 20. f4 e5 21. f5 Nf6 22. Bg5 Qb6 23. Nc3 b4 24. Ne2 Ng4 25. fxg6+ fxg6 26. Nxd4 cxd4 27. Qe2 Rce8 28. Bd2 Bh6 29. Bxh6 Kxh6 30. Rxf8 Rxf8 31. Rf1 Qd8 32. Ng5 Kg7 33. Bh3 Rxf1+ 34. Qxf1 Qe7 35. Qe2 Ne3 36. Bxd7 Qxd7 37. Qf3 Qe7 38. Kf2 Qf6 39. Ke2 1/2-1/2

[Event "Wattens op 13th"]
[Site "Wattens"]
[Date "1998.??.??"]
[Round "6"]
[White "Erhard, Jakob"]
[Black "Link, Ulrich"]
[Result "0-1"]
[WhiteElo "1935"]
[BlackElo "2205"]
[PlyCount "46"]
[EventDate "1998.??.??"]
[EventType "swiss"]
[EventRounds "9"]
[EventCountry "AUT"]
[SourceTitle "EXT 2000"]
[Source "ChessBase"]
[SourceDate "1999.11.16"]
[SourceVersion "1"]
[SourceVersionDate "1999.11.16"]
[SourceQuality "1"]

1. e4 e5 2. Nf3 Nc6 3. Bb5 a6 4. Ba4 d6 5. c3 Nge7 6. d4 Bd7 7. Bg5 h6 8. Bh4 g5 9. Bg3 Bg7 10. dxe5 dxe5 11. b4 Ng6 12. h4 Qe7 13. hxg5 hxg5 14. Rxh8+ Bxh8 15. Nbd2 Nf4 16. Bxf4 exf4 17. Rc1 g4 18. Nh2 Ne5 19. Bc2 Qh4 20. Nhf1 Qh1 21. g3 f3 22. a4 0-0-0 23. Nb3 Be6 0-1

[Event "Wattens op 12th"]
[Site "Wattens"]
[Date "1997.??.??"]
[Round "?"]
[White "Erhard, Jakob"]
[Black "Kupfner, Franz"]
[Result "1-0"]
[WhiteElo "1800"]
[BlackElo "2125"]
[PlyCount "61"]
[EventDate "1997.??.??"]
[EventType "swiss"]
[EventRounds "9"]
[EventCountry "AUT"]
[SourceTitle "EXT 2000"]
[Source "ChessBase"]
[SourceDate "1999.11.16"]
[SourceVersion "1"]
[SourceVersionDate "1999.11.16"]
[SourceQuality "1"]

1. e4 c5 2. Nf3 d6 3. d4 cxd4 4. Nxd4 Nf6 5. Nc3 Nc6 6. Bc4 Qb6 7. Nde2 a6 8. 0-0 e6 9. Bb3 Be7 10. Be3 Qc7 11. h3 0-0 12. a4 b6 13. f4 Na5 14. Qd3 Bb7 15. g4 d5 16. e5 Ne4 17. Nxe4 dxe4 18. Qc3 Bc5 19. Bxc5 bxc5 20. Ba2 Qb6 21. Qe3 Nc6 22. c3 a5 23. Bc4 Ne7 24. f5 Bd5 25. Bb5 exf5 26. gxf5 f6 27. c4 Bb7 28. e6 g6 29. Qh6 gxf5 30. Nf4 Rad8 31. Nh5 1-0

[Event "Wattens op 12th"]
[Site "Wattens"]
[Date "1997.??.??"]
[Round "?"]
[White "Erhard, Jakob"]
[Black "Ritz, Thomas"]
[Result "0-1"]
[WhiteElo "1800"]
[BlackElo "2105"]
[PlyCount "78"]
[EventDate "1997.??.??"]
[EventType "swiss"]
[EventRounds "9"]
[EventCountry "AUT"]
[SourceTitle "EXT 2000"]
[Source "ChessBase"]
[SourceDate "1999.11.16"]
[SourceVersion "1"]
[SourceVersionDate "1999.11.16"]
[SourceQuality "1"]

1. e4 c5 2. Nf3 e6 3. d4 cxd4 4. Nxd4 a6 5. c4 Nf6 6. Bd3 Qc7 7. Nc3 d6 8. Be3 Nbd7 9. f3 Ne5 10. Qe2 Bd7 11. g4 Rc8 12. g5 Ng8 13. Nb3 Nxd3+ 14. Qxd3 Qxc4 15. Qd2 Qc7 16. Rc1 Qb8 17. 0-0 Ne7 18. f4 h6 19. Rcd1 Bc6 20. f5 exf5 21. exf5 hxg5 22. Bxg5 f6 23. Be3 Rh4 24. Rf2 b5 25. Nd4 Rg4+ 26. Kf1 Bd7 27. Qe2 Rh4 28. Bf4 Kf7 29. Ne4 Nxf5 30. Nxf5 Bxf5 31. Nxd6+ Bxd6 32. Bxd6 Bh3+ 33. Kg1 Rg4+ 34. Bg3 Rxg3+ 35. hxg3 Qxg3+ 36. Kh1 Bg4 37. Rg1 Rh8+ 38. Rh2 Rxh2+ 39. Qxh2 Bf3+ 0-1

[Event "Wattens op 12th"]
[Site "Wattens"]
[Date "1997.??.??"]
[Round "?"]
[White "Ferrari, Josef"]
[Black "Erhard, Jakob"]
[Result "1/2-1/2"]
[WhiteElo "2125"]
[BlackElo "1800"]
[PlyCount "88"]
[EventDate "1997.??.??"]
[EventType "swiss"]
[EventRounds "9"]
[EventCountry "AUT"]
[SourceTitle "EXT 2000"]
[Source "ChessBase"]
[SourceDate "1999.11.16"]
[SourceVersion "1"]
[SourceVersionDate "1999.11.16"]
[SourceQuality "1"]

1. d4 Nf6 2. c4 e6 3. Nf3 c5 4. Nc3 cxd4 5. Nxd4 a6 6. g3 Nc6 7. Bg2 Bb4 8. 0-0 0-0 9. Nc2 Bxc3 10. bxc3 d5 11. Ne3 d4 12. cxd4 Qxd4 13. Rb1 Rd8 14. Qc2 Qc5 15. Bb2 e5 16. Bc3 Nd4 17. Qb2 Be6 18. Rfe1 Rab8 19. Qb6 Qa3 20. Qa5 Qxa5 21. Bxa5 Rd7 22. Rb6 e4 23. Bc3 h6 24. h3 Rc8 25. Bxd4 Rxd4 26. Rxb7 Bxc4 27. Rc1 Kh7 28. Ra7 Rc6 29. a3 Bb5 30. Rxc6 Bxc6 31. Rxa6 Be8 32. Ra7 Rd2 33. Bf1 Kg6 34. Nc4 Rd5 35. Ne3 Rc5 36. g4 h5 37. f3 Bc6 38. Kf2 hxg4 39. hxg4 Bd7 40. Bg2 Be6 41. a4 Rc3 42. a5 Kg5 43. fxe4 Nxg4+ 44. Nxg4 Kxg4 1/2-1/2

[Event "Wattens op 12th"]
[Site "Wattens"]
[Date "1997.??.??"]
[Round "?"]
[White "Neumeier, Klaus"]
[Black "Erhard, Jakob"]
[Result "1-0"]
[WhiteElo "2250"]
[BlackElo "1800"]
[PlyCount "139"]
[EventDate "1997.??.??"]
[EventType "swiss"]
[EventRounds "9"]
[EventCountry "AUT"]
[SourceTitle "EXT 2000"]
[Source "ChessBase"]
[SourceDate "1999.11.16"]
[SourceVersion "1"]
[SourceVersionDate "1999.11.16"]
[SourceQuality "1"]

1. e4 c5 2. Nc3 d6 3. g3 Nf6 4. Bg2 Nc6 5. d3 g6 6. f4 Bg7 7. Nf3 0-0 8. 0-0 Rb8 9. h3 b5 10. a3 a6 11. g4 Bb7 12. Be3 Qc7 13. Qe1 Rfe8 14. f5 Nd7 15. fxg6 hxg6 16. Ng5 Nf6 17. Nd5 Qd8 18. Nxf7 Kxf7 19. g5 Ne5 20. gxf6 exf6 21. Qg3 Bxd5 22. exd5 Qd7 23. Rf2 f5 24. Raf1 b4 25. axb4 Rxb4 26. c3 Rb3 27. Bc1 c4 28. dxc4 Nxc4 29. Qd3 Qc8 30. Re2 Rxe2 31. Qxe2 Ne5 32. Rf2 a5 33. Qd1 a4 34. Be4 Qc4 35. Bc2 Rb5 36. Bxa4 Rxd5 37. Qc2 Qd3 38. Qxd3 Rxd3 39. Kg2 Kf8 40. Bb3 Bf6 41. Bc2 Rd5 42. Rd2 Rxd2+ 43. Bxd2 Nc4 44. Bc1 d5 45. Kf3 Ke7 46. Ke2 Ke6 47. b3 Nd6 48. Bd2 g5 49. Kd3 Ne4 50. Be1 Kd6 51. Bd1 Kc5 52. Bh5 Be5 53. b4+ Kb6 54. Bf3 Kb5 55. Bh5 Kb6 56. Bg6 Bg3 57. Bxg3 Nxg3 58. Kd4 Kc6 59. Ke5 f4 60. Bf7 Ne2 61. Bxd5+ Kb5 62. Kf5 Nxc3 63. Bf3 Kxb4 64. Kxg5 Kc5 65. h4 Nb5 66. h5 Nd6 67. Kg6 Nc4 68. h6 Ne5+ 69. Kf5 Nf7 70. h7 1-0

[Event "Wattens op 11th"]
[Site "Wattens"]
[Date "1996.??.??"]
[Round "1"]
[White "Berezjuk, Sergej"]
[Black "Erhard, Jakob"]
[Result "1-0"]
[WhiteElo "2450"]
[BlackElo "1780"]
[PlyCount "45"]
[EventDate "1996.??.??"]
[EventType "swiss"]
[EventRounds "9"]
[EventCountry "AUT"]
[SourceTitle "EXT 2000"]
[Source "ChessBase"]
[SourceDate "1999.11.16"]
[SourceVersion "1"]
[SourceVersionDate "1999.11.16"]
[SourceQuality "1"]

1. e4 c5 2. Nf3 d6 3. Bb5+ Bd7 4. Bxd7+ Qxd7 5. c4 Nc6 6. Nc3 Nf6 7. 0-0 g6 8. d4 cxd4 9. Nxd4 Bg7 10. Nde2 0-0 11. f3 Rac8 12. Be3 Ne5 13. b3 b6 14. a4 Nc6 15. Qd2 h5 16. Bh6 Kh7 17. Bxg7 Kxg7 18. Nd5 Nxd5 19. exd5 Na5 20. Nd4 e5 21. dxe6 fxe6 22. f4 e5 23. fxe5 1-0

[Event "Wattens op 11th"]
[Site "Wattens"]
[Date "1996.??.??"]
[Round "8"]
[White "Erhard, Jakob"]
[Black "Schett, Franz"]
[Result "1-0"]
[WhiteElo "1780"]
[BlackElo "1615"]
[PlyCount "71"]
[EventDate "1996.??.??"]
[EventType "swiss"]
[EventRounds "9"]
[EventCountry "AUT"]
[SourceTitle "EXT 2000"]
[Source "ChessBase"]
[SourceDate "1999.11.16"]
[SourceVersion "1"]
[SourceVersionDate "1999.11.16"]
[SourceQuality "1"]

1. d4 d5 2. c4 c6 3. Nc3 Nf6 4. Nf3 g6 5. Bf4 Bg7 6. e3 0-0 7. Rc1 Nbd7 8. h3 Nb6 9. c5 Nbd7 10. Bd3 Nh5 11. Bh2 f5 12. Ng5 Nb8 13. Be2 e5 14. h4 exd4 15. exd4 Qe8 16. 0-0 Nf6 17. Bd6 Ne4 18. Ncxe4 fxe4 19. Bxf8 Bxf8 20. Bg4 h6 21. Bxc8 Qxc8 22. Nh3 Be7 23. h5 Qf5 24. hxg6 Nd7 25. Qb3 b6 26. cxb6 axb6 27. Rxc6 Rf8 28. Qe3 Kg7 29. Qg3 Bf6 30. Nf4 Re8 31. Rd6 Bxd4 32. Ne6+ Rxe6 33. Rxd7+ Kg8 34. Qb8+ Qf8 35. Rd8 Re8 36. Rxe8 1-0